000 01660cam a2200373 i 4500
999 _c29327
_d29327
003 CUTN
005 20190809170812.0
008 100401s2011 caua b 001 0 eng c
020 _a9780495811183
020 _a0495811181
020 _a9780840033376
020 _a0840033370
041 _aEnglish
042 _apcc
082 _a150.724
_bLAN
100 1 _aLangston, William,
245 1 0 _aResearch methods laboratory manual for psychology /
_cWilliam Langston,
250 _aThird edition.
300 _axvii, 203 pages :
_billustrations ;
_c24 cm
505 0 0 _tSingle-subject, observation, survey and correlation research -- Single-subject designs -- Observation research -- Survey research -- Correlation research 1 -- Correlation research 2 -- Correlation research 3 --
_tExperimental designs -- Two group experiments -- One-way designs -- Factorial designs 1 -- Factorial designs 2 -- Field experiments.
650 0 _aPsychology
650 7 _aPsychology
942 _2ddc
_cBOOKS
100 1 _d1967-
_eauthor.
504 _aIncludes bibliographical references and index.
505 0 0 _gPart 1:
_gPart 2:
650 0 _xResearch
_xMethodology.
650 7 _xResearch
_xMethodology.
_2fast
856 4 2 _3Contributor biographical information
_uhttps://www.loc.gov/catdir/enhancements/fy1701/2010926078-b.html
856 4 2 _3Publisher description
_uhttps://www.loc.gov/catdir/enhancements/fy1701/2010926078-d.html
856 4 1 _3Table of contents only
_uhttps://www.loc.gov/catdir/enhancements/fy1701/2010926078-t.html
906 _a7
_bcbc
_cpccadap
_d2
_encip
_f20
_gy-gencatlg